Wird geladen...

Memsahibs abroad: Writings by women travellers in nineteenthcentury India /

Bibliographische Detailangaben
Weitere Verfasser: Indira Ghose (HerausgeberIn)
Format: Printed Book
Sprache:English
Veröffentlicht: Delhi : Oxford University Press, 1998.
LEADER 00833nam a2200169Ia 4500
008 150624b xxu||||| |||| 00| 0 eng d
020 |a 0195644239 
020 |a 195644239 
082 |a 910.0954 
245 |a Memsahibs abroad:  |b Writings by women travellers in nineteenthcentury India /  |c edited by Indira Ghose 
260 |a Delhi :  |b Oxford University Press,  |c 1998. 
300 |a 298 p. 
505 |a 1. First impressions. 2. Arts and culture. 3. Religion. 4. Travel. 5. Encounters with 'Natives'. 6. Encounters with Indian women. 7. Servants. 8. Mutiny. 9. Heat and Dust. 10. Social life. 11. Criticism of the Raj. 
700 |a Indira Ghose  |e editor. 
942 |c BK 
999 |c 51185  |d 51185 
952 |0 0  |1 0  |4 0  |6 910_095400000000000_IND_M  |7 0  |9 51163  |a UL  |b UL  |c ST1  |d 2012-10-27  |l 3  |o 910.0954 IND/M  |p 73870  |r 2017-06-20  |s 2017-05-30  |w 2012-10-27  |y BK